| 000 | 00632nmm a2200229 a 4500 | ||
|---|---|---|---|
| 003 | AR-BaBNM | ||
| 005 | 20251128210319.0 | ||
| 008 | 189119s1967 ||||||||||||||000 | spa|| | ||
| 040 | _cAR-BaBNM | ||
| 100 | 1 | _aMalassis, L. | |
| 245 | 1 | 0 | _aEl desarrollo económico y el planeamiento de la educación rural |
| 260 |
_aBudapest _bUNESCO _c1967 |
||
| 300 | 0 |
_a57 p. _btablas |
|
| 650 | 4 | _aEDUCACION RURAL | |
| 650 | 4 | _aEDUCACION Y DESARROLLO | |
| 650 | 4 | _aEDUCACION Y EMPLEO | |
| 650 | 4 | _aECONOMIA DE LA EDUCACION | |
| 653 | 0 | _aPLANEAMIENTO EDUCATIVO | |
| 653 | 0 | _aFINANCIAMIENTO EDUCATIVO | |
| 942 | _cBK | ||
| 998 | _cRaquel | ||
| 999 |
_c14911 _d14911 |
||